Nová dedina okresné roľnícke noviny

Bibliographic Details
New Title:Socialistický dnešok
Previous Title:Za socialistickú dedinu
Format: Journal
Language:Slovak
PhysicalDescription:3 zv. 43 cm
Published: Partizánske Rada ONV v Partizánskom 1958-1960
ISSN:0231-7672
Subjects:

MARC

LEADER 00000cas a2200000 a 4500
001 vtls010301744
003 SK-MaSNL
005 20260228163302.0
008 110810d19581960xo wr p 0 b0slo
040 |a SNK  |b slo  |c SNK  |e AACR2 
041 0 |a slo 
044 |a xo  |c SK 
072 7 |a 63  |x Poľnohospodárstvo a príbuzné oblasti vedy a techniky  |2 konspekt 
072 7 |a 394  |x Verejný a spoločenský život. Každodenný život  |2 konspekt 
080 |a 631  |2 2011 
080 |a 394  |2 2011 
080 |a (051)+(054)(437.6)  |2 2011 
130 0 |a Nová dedina (Partizánske : 1958-1960)  |9 273580 
245 1 0 |a Nová dedina  |b okresné roľnícke noviny 
260 |a Partizánske  |b Rada ONV v Partizánskom  |c 1958-1960 
300 |a 3 zv.  |c 43 cm 
310 |a 1x týždenne 
362 0 |a Roč. IX, č. 1-2 (8.1.1958)-roč. XI, č. 11 (12.3.1960) 
500 |a Redaktori sa menia 
515 |a Niektoré čísla vychádzajú ako dvojčíslo 
580 |a Nadviazal na okresné roľnícke noviny Za socialistickú dedinu. Po územnej reorganizácii pokračoval pod názvom Socialistický dnešok a vychádza v Topoľčanoch 
650 0 7 |a poľnohospodárstvo  |2 SNKPH  |9 679 
650 0 7 |a spoločenský život  |2 SNKPH  |9 28654 
655 7 |a regionálne periodiká  |2 SNKPH  |9 131775 
780 0 0 |t Za socialistickú dedinu  |w vtls001270880 
785 0 0 |t Socialistický dnešok  |x 0231-7672  |w vtls010299892 
910 |a snk 
999 |c 9149  |d 11079 
952 |0 0  |1 0  |4 0  |7 0  |a SNK  |b SNK  |d 2024-11-27  |l 0  |o snkČSA 583/10/1959 D1  |p 17A1317651  |r 2026-02-21 21:20:23  |t č. 1-42  |w 2026-02-21  |y PREZ 
952 |0 0  |1 0  |4 0  |7 0  |a SNK  |b SNK  |d 2025-02-25  |i snkČSP 356/60  |l 0  |o snkČSA 583/9/1958  |p 17A0786134  |r 2026-02-21 21:21:35  |t č. 1-52  |w 2026-02-21  |y PREZ 
952 |0 0  |1 0  |4 0  |7 0  |a SNK  |b SNK  |d 2025-02-25  |l 0  |o snkČSA 583/10/1959  |p 17A0786142  |r 2026-02-21 21:21:38  |t č. 1-42  |w 2026-02-21  |y PREZ 
952 |0 0  |1 0  |4 0  |7 0  |a SNK  |b SNK  |d 2025-02-25  |i snkČSP 1681/61  |l 0  |o snkČSA 583/11/1960  |p 17A1525048  |r 2026-02-21 21:21:38  |t č. 1-11  |w 2026-02-21  |y PREZ 
952 |0 0  |1 0  |4 0  |7 0  |a SNK  |b SNK  |d 2025-02-25  |i snkČSP 1682/61  |l 0  |o snkČSA 583/11/1960 D1  |p 17A0786135  |r 2026-02-21 21:21:38  |t č. 1-11  |w 2026-02-21  |y PREZ